Omoo: (Record no. 23402)

MARC details
000 -LEADER
fixed length control field 00602cam a2200205u 4500
001 - CONTROL NUMBER
control field 9546538
003 - CONTROL NUMBER IDENTIFIER
control field BDDh-ASL
005 - DATE AND TIME OF LATEST TRANSACTION
control field 20231015030232.0
008 - FIXED-LENGTH DATA ELEMENTS--GENERAL INFORMATION
fixed length control field 830126s19511892mau 000 0 eng
010 ## - LIBRARY OF CONGRESS CONTROL NUMBER
LC control number unk82078370
040 ## - CATALOGING SOURCE
Original cataloging agency DLC
Transcribing agency CarP
Modifying agency DLC
-- BDDh-ASL
050 00 - LIBRARY OF CONGRESS CALL NUMBER
Classification number PZ3.M498
Item number O28
Classification number PS2384.O6
082 ## - DEWEY DECIMAL CLASSIFICATION NUMBER
Classification number 910
Item number MFO
100 1# - MAIN ENTRY--PERSONAL NAME
Personal name Melville, Herman,
Dates associated with a name 1819-1891.
245 00 - TITLE STATEMENT
Title Omoo:
Remainder of title a narrative of adventures in the South Seas /
260 ## - PUBLICATION, DISTRIBUTION, ETC.
Place of publication, distribution, etc. Boston:
Date of publication, distribution, etc. L. C. Page & Company,
Name of publisher, distributor, etc. 1951.
300 ## - PHYSICAL DESCRIPTION
Extent 365 p. :
Dimensions 21 cm.
906 ## - LOCAL DATA ELEMENT F, LDF (RLIN)
a 0
b cbc
c premunv
d u
e ncip
f 19
g y-gencatlg
942 ## - ADDED ENTRY ELEMENTS (KOHA)
Source of classification or shelving scheme Dewey Decimal Classification
Koha item type Books
Holdings
Withdrawn status Lost status Source of classification or shelving scheme Damaged status Not for loan Collection code Home library Current library Shelving location Date acquired Source of acquisition Total Checkouts Full call number Barcode Date last seen Copy number Price effective from Koha item type Public note
    Dewey Decimal Classification     Non-fiction Asiatic Society Library Asiatic Society Library General Stacks 03/25/2021 ASB Library Collections   910 MFO 107823 03/25/2021 C-1 03/25/2021 Books RARE

Powered by Koha